Learn About Festivals

Bibliographic Details
Main Author: Holdaway, Susan
Format: Book
Language:English
Published: United Kingdom : Anglia Young Books , 1994.
Subjects:

MARC

LEADER 00000cam a2200000 7i4500
001 0000092969
005 20120529.0
008 120529 eng
020 |a 1871173302 
090 0 0 |a J 291.36 HOL 
100 0 |a Holdaway, Susan 
245 0 4 |a Learn About Festivals   |c Susan Holdaway, illustrations by Edward Blake,Stephen Millingen 
260 |a United Kingdom :   |b Anglia Young Books ,   |c 1994. 
300 |a 63p. :   |b col.ill. ;   |c 29cm. 
650 0 0 |a Religious festival   |x Juvenile literature 
999 |a 0000206602   |b Buku   |c Koleksi Pinjaman Kanak-Kanak   |e Perpustakaan Komuniti UTC Melaka 
999 |a 0000206603   |b Buku   |c Koleksi Pinjaman Kanak-Kanak   |e PK Melaka Mall 
999 |a 0000206604   |b Buku   |c Koleksi Pinjaman Kanak-Kanak   |e PK Melaka Mall 
999 |a 0000206605   |b Buku   |c Koleksi Pinjaman Kanak-Kanak   |e Perbadanan Perpustakaan Awam Melaka